01120 a2200193 450000500170000002000220001708200210003910000220006024500330008226000620011530000230017794200130020099900150021395201410022895201410036995201410051095201410065195201340079220250607093456.0 a978 9987 531 12 7 aREF 005.03 KIP aKIPUTIPUTI, O. M. aKamusi Sanifu ya Kompyuta aDar es Salaam, bTaasisi ya Taaluma za Kiswahili,c2011. av, 602p.: .c21cm. 2ddccBKS c3398d3398 r2025-06-07 09:38:12l0oREF 005.03 KIPp00000011425v75000.00w2025-06-07yBKS102ddc407000aCBEMLbCBEMLcREFd2013-06-21g25000.00 r2025-06-07 09:38:12l0oREF 005.03 KIPp00000011426v75000.00w2025-06-07yBKS102ddc407000aCBEMLbCBEMLcREFd2013-06-21g25000.00 r2025-06-07 09:38:12l0oREF 005.03 KIPp00000011427v75000.00w2025-06-07yBKS102ddc407000aCBEMLbCBEMLcREFd2013-06-21g25000.00 r2025-06-07 09:38:12l0oREF 005.03 KIPp00000011428v75000.00w2025-06-07yBKS102ddc407000aCBEMLbCBEMLcREFd2013-06-21g25000.00 r2025-06-29 14:47:33l0o001.6403 KIPpDOM0003798v75000.00w2025-06-29yBKS102ddc407000a004b004cREFd2013-06-21g25000.00